000 01171cam a22002894a 4500
999 _c127868
_d127868
001 17071994
003 ARRUPE
005 20180406121823.0
008 111205s2012 nyu 000 1 eng
010 _a 2011046011
020 _a9780670023752
040 _aDLC
_cDLC
_dDLC
041 1 _aeng
_hvie
042 _apcc
050 0 0 _aPL4378.9.D759
_bD5613 2012
082 0 0 _a895.9/22334
_223
100 1 _aDương, Thu Hương.
_941326
245 1 4 _aThe zenith /
_cDuong Thu Huong
260 _aNew York, N.Y. :
_bViking,
_c2012.
300 _a509 p. ;
_c25 cm.
546 _aIn English; translated from Vietnamese.
700 1 _aYoung, Stephen B.
_q(Stephen Bonsal)
_941327
700 1 _aYoung, Hoa Pham.
_941328
906 _a7
_bcbc
_corignew
_d1
_eecip
_f20
_gy-gencatlg
942 _2lcc
_cMONOGRAPH